000 00998nam a22002537a 4500
005 20240530110350.0
008 141221s2010 ua g b 000 0 ara d
017 _a2009/13311
_bمصر . دار الكتب المصرية
020 _a9773790921
040 _aEG-CaGPL
041 0 _aara
082 0 4 _221
_a251.8\
_bع أ
100 0 _aعادل الصاوى محمد الصاوى
245 1 2 _aالاحكام المتعلقة بالهرمونات :
_bفى ضوء الاجتهادات الفقهية و المعطيات الطبية /
_cعادل الصاوى محمد الصاوى
250 _aط1
260 _aالقاهرة :
_bدار الفكر الجامعى ،
_c2010
300 _a520 ص ؛
_c24 سم
504 _aببليوجرافية : ص 482 - 505
650 0 4 _aالفقهة الاسلامى
650 0 4 _aالشريعة الاسلامية
650 0 4 _aالهرمونات
_xالاحكام الفقهية
942 _2ddc
_cBK
999 _c60056
_d60056